লোডিং...

Siva-kosha

গ্রন্থ-পঞ্জীর বিবরন
প্রধান লেখক: Ramachandra Rao, S K; Author
বিন্যাস: Printed Book
প্রকাশিত: Bangalore, Kalpatharu Research Academy 1998
মালা:1
2
বিষয়গুলি:
LEADER 007220000a22002290004500
082 |a 294.521 13 N8 
100 |a Ramachandra Rao, S K; Author 
245 |a Siva-kosha 
250
260 |a Bangalore, Kalpatharu Research Academy  |e 1998 
260 |c 1998 
460 |a 2v (598p) 
465 |a Rs.400.00 
490 |a 1 
490 |a 2 
500 |a S K Ramachandra Rao 
650 |a Gods, Hindu 
650 |a Siva (Hindu deity) 
942 |c BK 
999 |c 44941  |d 44941 
952 |0 0  |1 0  |4 0  |6 294_521000000000000_13_N8  |7 0  |8 ENG  |9 45655  |a MGUL  |b MGUL  |d 2013-07-16  |e Rs.400.00  |l 1  |o 294.521 13 N8  |p 43246  |r 2014-03-12  |s 2013-10-03  |w 2013-07-16  |y BK 
952 |0 0  |1 0  |4 0  |7 0  |9 45656  |a MGUL  |b MGUL  |d 2013-07-16  |l 0  |p 43247  |r 2013-07-16  |w 2013-07-16  |y BK